| 000 | 02440cam a22005294i 4500 | ||
|---|---|---|---|
| 003 | PE-LiUPU | ||
| 005 | 20250731165604.0 | ||
| 008 | 150706s r 000 0 d | ||
| 020 | _a9789974804678 | ||
| 035 | _a(Sirsi) i9789974804678 | ||
| 040 |
_aPE-LiUPU _bspa _cPE-LiUPU _erda |
||
| 049 | _aPRUA | ||
| 082 | 0 | 4 |
_a372.21 _bB85 _221 |
| 100 | 1 |
_aBruzzo, Mariana, _eautor. |
|
| 245 | 1 | 0 |
_aEscuela para educadoras : _bEnciclopedia de Pedagogía Práctica / _cMariana Bruzzo y Martha Jacubovich. |
| 264 | 1 |
_aColombia : _bCadix Internacional, _c2008. |
|
| 300 | _a01 CD-ROM | ||
| 300 |
_a704 páginas : _bilustraciones, color ; _c28 centímetros |
||
| 336 |
_atext _2rdacontent |
||
| 337 |
_aunmediated _2rdamedia |
||
| 338 |
_avolume _2rdacarrier |
||
| 505 | 0 | _aEl nivel inicial -- Caracterización de la institución del nivel inicial -- El niño en el nivel inicial -- La diversidad -- La institución de nivel inicial y la familia -- Modelos didáticos y prácticas de enseñanza en el nivel inicial -- Teorías del aprendizaje y prácticas de enseñanzaEl juego -- El juego en el nivel inicial -- El jardín maternal -- El niño del jardín maternal -- Planificación y evaluaclión en el jardín maternal -- Jardín maternal y crianza -- La áreas curriculares y el conocimiento del medio -- Identidad y autonomía -- comunicación y expresión -- Medio físico y social. | |
| 526 | _aSEG44 | ||
| 526 | _aSEG26 | ||
| 526 | _aP151 | ||
| 526 | _aP150 | ||
| 526 | _aP149 | ||
| 526 | _aP146 | ||
| 526 | _aP145 | ||
| 526 | _aP126 | ||
| 526 | _aP125 | ||
| 526 | _aP92 | ||
| 526 | _aP75 | ||
| 526 | _aP74 | ||
| 526 | _aP27 | ||
| 526 | _aP15 | ||
| 541 | _g001-002962; | ||
| 650 | 0 | 4 | _aEducación Preescolar. |
| 650 | 0 | 4 | _aJardín maternal. |
| 700 | 1 |
_aJacubovich, Martha, _eautor. |
|
| 910 | _a | ||
| 942 |
_2ddc _cBOOK |
||
| 949 |
_aRC 372.21 B85 _wDEWEY _c1 _i59567 _lCCODEBUL1 _mBUL _p42.00 _r0 _sY _tBOOK _u2015-7-6 _xEDUCACION _PP20 _0COMPRA _o.CIRCNOTE. No olvidar cambiar la fecha de devolución!!!!!!! _o.STAFF. Colección General |
||
| 994 |
_aC0 _bPEPRU |
||
| 596 | _a1 | ||
| 999 |
_aRC 372.21 B85 _wDEWEY _c49126 _i59567 _d49126 _f2021-11-9 _g5 _lCCODEBUL1 _mBUL _p42.00 _q3 _r1 _sY _tBOOK _u2015-7-6 _xEDUCACION _PP20 _0COMPRA _o.CIRCNOTE. No olvidar cambiar la fecha de devolución!!!!!!! _o.STAFF. Colección General |
||
| 980 |
_81 _gALBERTO SANCHEZ Responsable de Automatización |
||